000
00276nam a2200121Ia 4500
999
_c
2116
_d
2116
020
_a
1-85739-206-X
082
_a
RR 016.052 BRI
245
0
_a
British humanities index 1996
260
_a
London
_b
Bowker Saur
_c
1997
300
_a
1084p.
710
_a
Duffus, Lyn ed.
942
_c
BK